000 00489nam a22001097a 4500
008 110706t xxu||||| |||| 00| 0 eng d
010 _aHCROF146
245 _aHigh Court Revision Order No. 12 OF 1991(From original H/C Administration Cause No. MG. 9/1988) Willy Peter Oringa Vs Bongomin Stephen and another
260 _c1991
500 _aBefore: The Honourable Mr. Justice G.M. Okello.
999 _c4579
_d4579